Harry Potter - Grupy rzeczy/postaci/... - Statystyki

Ogólne statystyki
  • Ten quiz został rozwiązany 4 959 razy
    4 788 od ostatniego zresetowania
  • Średni wynik to 56 z 79
Statystyki odpowiedzi
Grupa Odpowiedź % Poprawnych
Główne postacie Harry Potter
100%
Horkruksy Harry Potter
100%
Główne postacie Hermiona Granger
99%
Rodzina Weasleyów Ron
99%
Główne postacie Ron Weasley
99%
Domy Hogwartu Gryffindor
93%
Harry Potter i .... Insygnia Śmierci
91%
Harry Potter i .... Kamień Filozoficzny
91%
Domy Hogwartu Slytherin
91%
Harry Potter i .... Komnata Tajemnic
90%
Horkruksy Puchar Helgi Hufflepuff
90%
Dyrektorzy Hogwartu Severus Snape
90%
Harry Potter i .... Czara Ognia
89%
Rodzina Weasleyów Fred
89%
Rodzina Weasleyów Ginny
89%
Opiekunowie Domów Severus Snape
89%
Nauczyciele Obrony przed Czarną Magią Severus Snape
89%
Harry Potter i .... Więzień Azkabanu
89%
Harry Potter i .... Książę Półkrwi
88%
Dyrektorzy Hogwartu Albus Dumbledore
87%
Rodzina Weasleyów George
87%
Zaklęcia niewybaczalne Crucio
86%
Domy Hogwartu Hufflepuff
86%
Insygnia Śmierci Peleryna Niewidka
86%
Harry Potter i .... Zakon Feniksa
86%
Zaklęcia niewybaczalne Avada Kedavra
85%
Domy Hogwartu Ravenclaw
85%
Insygnia Śmierci Czarna Różdżka
84%
pozycje w Quidditchu Szukający
84%
piłki do Quidditcha Złoty Znicz
84%
Dyrektorzy Hogwartu Minerwa McGonagall
83%
Opiekunowie Domów Minerwa McGonagall
83%
przedmioty szkolne Obrona przed Czarną Magią
83%
Rodzina Weasleyów Molly
81%
Rodzina Weasleyów Artur
80%
Horkruksy Dziennik Toma Riddle'a
79%
Insygnia Śmierci Kamień Wskrzeszenia
79%
Horkruksy Nagini
79%
przedmioty szkolne Eliksiry
78%
pozycje w Quidditchu Obrońca
78%
Duchy Hogwartu Prawie Bezgłowy Nick
76%
Horkruksy Medalion Salazara Slytherina
75%
Rodzina Weasleyów Percy
75%
Rodzina Weasleyów Bill
73%
Nauczyciele Obrony przed Czarną Magią Remus Lupin
73%
Horkruksy Diadem Roweny Ravenclaw
72%
pozycje w Quidditchu Pałkarz
72%
piłki do Quidditcha Tłuczek
71%
Dyrektorzy Hogwartu Dolores Umbridge
70%
Zaklęcia niewybaczalne Imperio
69%
Horkruksy Pierścień Marvolo Gaunta
69%
Rodzina Weasleyów Charlie
68%
przedmioty szkolne Zielarstwo
67%
Nauczyciele Obrony przed Czarną Magią Dolores Umbridge
66%
przedmioty szkolne Wróżbiarstwo
65%
Nauczyciele Obrony przed Czarną Magią Alastor Moody
62%
piłki do Quidditcha Kafel
60%
Nauczyciele Obrony przed Czarną Magią Gilderoy Lockhart
59%
przedmioty szkolne Transmutacja
57%
przedmioty szkolne Zaklęcia i Uroki
56%
pozycje w Quidditchu Ścigający
55%
Duchy Hogwartu Irytek
52%
przedmioty szkolne Latanie
52%
Duchy Hogwartu Krwawy Baron
48%
przedmioty szkolne Opieka nad Magicznymi Stworzeniami
47%
Nauczyciele Obrony przed Czarną Magią Kwiryniusz Quirrel
46%
Opiekunowie Domów Pomona Sprout
46%
przedmioty szkolne Starożytne Runy
46%
Opiekunowie Domów Filius Flitwick
45%
Duchy Hogwartu Jęcząca Marta
45%
przedmioty szkolne Historia Magii
42%
przedmioty szkolne Mugoloznawstwo
42%
przedmioty szkolne Astronomia
41%
przedmioty szkolne Numerologia
34%
Duchy Hogwartu Szara Dama
33%
Duchy Hogwartu Gruby Mnich
30%
Nauczyciele Obrony przed Czarną Magią Amycus Carrow
25%
Duchy Hogwartu Profesor Binns
11%
przedmioty szkolne Aportacja
7%
Nie znaleziono quizów pasujących do podanych kryteriów
Rozkład punktacji
Procent ludzi z każdym wynikiem
Percentyl według liczby udzielonych odpowiedzi
Twoja historia wyników
Nie rozwiązałeś tego quizu od ostatniego zresetowania